Слово об Учителе; Феликс Николаевич Шахов

Bibliographic Details
Parent link:Феликс Николаевич Шахов.— 1998.— С. 123-128
Main Author: Коробейников А. Ф. Александр Феопенович
Language:Russian
Published: 1998
Subjects:
Format: Book Chapter
KOHA link:https://koha.lib.tpu.ru/cgi-bin/koha/opac-detail.pl?biblionumber=161045

MARC

LEADER 00000naa2a2200000 4500
001 161045
005 20231031155801.0
035 |a (RuTPU)RU\TPU\book\174641 
090 |a 161045 
100 |a 20090602d1998 k y0rusy50 ca 
101 0 |a rus 
102 |a RU 
200 1 |a Слово об Учителе  |f А. Ф. Коробейников 
463 0 |0 (RuTPU)RU\TPU\book\7039  |y 5-7692-0096-0  |t Феликс Николаевич Шахов   |o (в очерках, статьях и воспоминаниях)  |f под ред. Ю. Г. Щербакова  |v С. 123-128  |d 1998  |p 180 с. 
610 1 |a труды учёных ТПУ 
700 1 |a Коробейников  |b А. Ф.  |c российский геолог, доктор геолого-минералогических наук  |c профессор Томского политехнического университета  |f 1934-  |g Александр Феопенович  |2 stltpush  |3 (RuTPU)RU\TPU\pers\12688  |4 070 
801 1 |a RU  |b 63413507  |c 20090602  |g PSBO 
942 |c BK